[Event "Excelsior May op"]
[Site "Toronto CAN"]
[Date "2023.05.20"]
[Round "3.1"]
[White "Lu, Tony"]
[Black "Noritsyn, Nikolay"]
[Result "0-1"]
[WhiteElo "1982"]
[BlackElo "2574"]
[PlyCount "74"]
[EventDate "2023.05.19"]
[EventType "swiss"]
[EventRounds "5"]
[EventCountry "CAN"]

1. e4 c5 2. Nf3 e6 3. Nc3 a6 4. g3 b5 5. Bg2 Bb7 6. d4 cxd4 7. Nxd4 Nc6 8. Be3
Nge7 9. O-O Nxd4 10. Qxd4 Nc6 11. Qd2 Ne5 12. b3 Ng4 13. Bd4 e5 14. Be3 Nxe3
15. Qxe3 Rc8 16. Nd5 Bxd5 17. exd5 Bd6 18. Rfc1 O-O 19. c4 bxc4 20. bxc4 Qc7
21. Bf1 Bc5 22. Qd2 d6 23. Rab1 f5 24. Rb3 f4 25. Bh3 fxg3 26. hxg3 Rxf2 27.
Qxf2 Rf8 28. Be6+ Kh8 29. Rb2 Bxf2+ 30. Rxf2 Qc5 31. Rcc2 g6 32. Kg2 Rxf2+ 33.
Rxf2 Kg7 34. g4 Kh6 35. Rc2 Kg5 36. Kf3 Qd4 37. Ke2 e4 0-1

[Event "Excelsior May op"]
[Site "Toronto CAN"]
[Date "2023.05.21"]
[Round "4.1"]
[White "Noritsyn, Nikolay"]
[Black "Singh Dhaliwal, Jaipreet"]
[Result "1-0"]
[WhiteElo "2574"]
[BlackElo "1978"]
[PlyCount "69"]
[EventDate "2023.05.19"]
[EventType "swiss"]
[EventRounds "5"]
[EventCountry "CAN"]

1. e4 e5 2. Bc4 Nc6 3. Nf3 Bc5 4. c3 Nf6 5. d4 exd4 6. e5 d5 7. Bb5 Ne4 8. cxd4
Bb4+ 9. Bd2 Nxd2 10. Nbxd2 Bg4 11. Bxc6+ bxc6 12. Qa4 Bxd2+ 13. Nxd2 O-O 14.
O-O Qg5 15. f4 Qg6 16. Rac1 Qd3 17. Rf2 Qe3 18. Rc3 Qe1+ 19. Nf1 Rab8 20. Qxc6
h5 21. Rc1 Qe4 22. Qc3 c5 23. dxc5 d4 24. Qd2 Rfd8 25. b3 Qc6 26. f5 Qc7 27. h3
Bxh3 28. gxh3 Qxe5 29. Qf4 Qf6 30. Ng3 d3 31. Nxh5 Qc6 32. Qg5 Qh6 33. Qxh6
gxh6 34. Rd2 Rb5 35. Rc3 1-0

[Event "Excelsior May op"]
[Site "Toronto CAN"]
[Date "2023.05.21"]
[Round "5.1"]
[White "Luger, Sam"]
[Black "Noritsyn, Nikolay"]
[Result "0-1"]
[WhiteElo "1958"]
[BlackElo "2574"]
[PlyCount "54"]
[EventDate "2023.05.19"]
[EventType "swiss"]
[EventRounds "5"]
[EventCountry "CAN"]

1. d4 e6 2. e4 d5 3. e5 c5 4. c3 Nc6 5. Nf3 Bd7 6. Be2 Nge7 7. O-O Ng6 8. Be3
Qb6 9. Qb3 Qxb3 10. axb3 cxd4 11. cxd4 f6 12. exf6 gxf6 13. Nc3 Kf7 14. Rfd1
Bd6 15. Bf1 Nge7 16. Ne1 Nf5 17. Nc2 Rhc8 18. Bd3 Nce7 19. Na3 Bb4 20. Rac1 Ba5
21. Na4 Rxc1 22. Rxc1 Nxe3 23. fxe3 Bd2 24. Rc7 Bxe3+ 25. Kf1 Bc6 26. Nc5 Bxd4
27. Nxb7 Be5 0-1

[Event "Excelsior April op"]
[Site "Toronto CAN"]
[Date "2023.04.21"]
[Round "1.1"]
[White "Zhao, Jeffrey R"]
[Black "Noritsyn, Nikolay"]
[Result "0-1"]
[WhiteElo "2118"]
[BlackElo "2584"]
[PlyCount "84"]
[EventDate "2023.04.21"]
[EventType "swiss"]
[EventRounds "5"]
[EventCountry "CAN"]

1. e4 e6 2. d4 d5 3. Nc3 Nf6 4. e5 Nfd7 5. f4 c5 6. Nf3 Nc6 7. Be3 a6 8. dxc5
Bxc5 9. Qd2 b5 10. Bd3 Qb6 11. Bf2 h6 12. O-O Bb7 13. a3 Bxf2+ 14. Rxf2 O-O-O
15. b4 f6 16. Re1 fxe5 17. Nxe5 Ndxe5 18. fxe5 Rhf8 19. Nd1 Kc7 20. Kh1 Rxf2
21. Qxf2 Qxf2 22. Nxf2 Kb6 23. Bg6 Ne7 24. Bh5 Rc8 25. Nd3 Rxc2 26. Nc5 d4 27.
Bf3 Bd5 28. Bxd5 Nxd5 29. g3 Rc3 30. Kg1 Ne3 31. Kf2 Ng4+ 32. Ke2 Kc6 33. Nxe6
Kd5 34. Nf4+ Kxe5 35. Kd2+ Re3 36. Rc1 Rxa3 37. Rc7 Ra2+ 38. Ke1 g5 39. Nd3+
Kd6 40. Rb7 Rxh2 41. Rb6+ Kd5 42. Rxa6 Kc4 0-1

[Event "Excelsior April op"]
[Site "Toronto CAN"]
[Date "2023.04.22"]
[Round "2.1"]
[White "Noritsyn, Nikolay"]
[Black "Gao, Raymond"]
[Result "1-0"]
[WhiteElo "2584"]
[BlackElo "2250"]
[PlyCount "65"]
[EventDate "2023.04.21"]
[EventType "swiss"]
[EventRounds "5"]
[EventCountry "CAN"]

1. Nf3 Nf6 2. d4 c5 3. c3 e6 4. e3 Nc6 5. Nbd2 d5 6. Bd3 Qc7 7. O-O Bd6 8. e4
dxe4 9. Nxe4 Nxe4 10. Bxe4 Ne7 11. Re1 Bd7 12. dxc5 Bxc5 13. Be3 Bxe3 14. Rxe3
Bc6 15. Nd4 Rd8 16. Qh5 Bxe4 17. Nxe6 Qc6 18. Nxd8 Kxd8 19. Rd1+ Kc8 20. Qe5
Bxg2 21. Rd6 Qc4 22. Kxg2 Ng6 23. Qe4 Qc5 24. Rd4 Kb8 25. Red3 Qg5+ 26. Kf1 a6
27. h4 Qc5 28. Rd5 Qc8 29. h5 Re8 30. Qxe8 Qxe8 31. Rd8+ Qxd8 32. Rxd8+ Kc7 33.
hxg6 1-0

[Event "Excelsior April op"]
[Site "Toronto CAN"]
[Date "2023.04.22"]
[Round "3.1"]
[White "Sambuev, Bator"]
[Black "Noritsyn, Nikolay"]
[Result "1/2-1/2"]
[WhiteElo "2510"]
[BlackElo "2584"]
[PlyCount "156"]
[EventDate "2023.04.21"]
[EventType "swiss"]
[EventRounds "5"]
[EventCountry "CAN"]

1. Nf3 d5 2. g3 Nc6 3. d4 Bf5 4. Bg2 Nb4 5. Na3 e6 6. O-O h6 7. c3 Nc6 8. Qa4
Be4 9. b4 a6 10. Ne5 Bxg2 11. Nxc6 Qd7 12. Kxg2 Qxc6 13. Qxc6+ bxc6 14. Rb1 Nf6
15. f3 Be7 16. c4 Kd7 17. c5 a5 18. Nc2 axb4 19. Nxb4 Ra4 20. Nd3 Rha8 21. Ne5+
Ke8 22. Nxc6 Rxa2 23. Kf2 R2a6 24. Nb4 Ra4 25. Bf4 Kd7 26. Rb3 Ng8 27. g4 Bf6
28. e3 Ne7 29. Rfb1 Nc6 30. Nxc6 Kxc6 31. Rb7 Ra2+ 32. Kg3 Bd8 33. Kh3 Kd7 34.
Rb8 Rxb8 35. Rxb8 Rc2 36. Be5 f6 37. Bg3 Rc3 38. Bf2 e5 39. Kg2 Rc2 40. Kf1
Rc1+ 41. Ke2 Rc2+ 42. Ke1 Rc3 43. Kd2 exd4 44. exd4 Ra3 45. Bg3 Ra6 46. h4 g6
47. h5 f5 48. Be5 fxg4 49. fxg4 gxh5 50. gxh5 Bf6 51. Bxf6 Rxf6 52. Rg8 Rf5 53.
Rg7+ Kd8 54. c6 Rf6 55. Rd7+ Kc8 56. Rxd5 Rxc6 57. Ke3 Rc1 58. Kf4 Rh1 59. Kg4
Kb7 60. Re5 Kc6 61. Re6+ Kd5 62. Rxh6 Kxd4 63. Rc6 Kd5 64. Rxc7 Ke6 65. Kg5
Rg1+ 66. Kh6 Kf6 67. Kh7 Rh1 68. h6 Rh2 69. Rc1 Rg2 70. Rf1+ Ke7 71. Rf5 Rg1
72. Ra5 Kf8 73. Ra8+ Kf7 74. Kh8 Rg2 75. h7 Rg1 76. Rg8 Rf1 77. Rg7+ Kf8 78.
Rf7+ Kxf7 1/2-1/2

[Event "Excelsior April op"]
[Site "Toronto CAN"]
[Date "2023.04.23"]
[Round "4.2"]
[White "Noritsyn, Nikolay"]
[Black "Habeb, Adnan"]
[Result "1-0"]
[WhiteElo "2584"]
[BlackElo "2135"]
[PlyCount "65"]
[EventDate "2023.04.21"]
[EventType "swiss"]
[EventRounds "5"]
[EventCountry "CAN"]

1. e4 c5 2. Nf3 Nc6 3. Bb5 g6 4. O-O Bg7 5. c3 e5 6. d3 Nge7 7. Be3 d6 8. d4
cxd4 9. cxd4 exd4 10. Bxd4 O-O 11. Bxg7 Kxg7 12. Nc3 Bg4 13. h3 Be6 14. Re1 Ne5
15. Nd4 g5 16. Bf1 Bd7 17. Qd2 h6 18. Rad1 Qb6 19. Kh1 Rad8 20. Re3 f5 21. exf5
Bxf5 22. Na4 Qc7 23. Nb5 Qc2 24. Nxd6 Qxa4 25. Rxe5 Nc6 26. Rb5 Bc8 27. Rxg5+
hxg5 28. Qxg5+ Kh8 29. Qh6+ Kg8 30. Qg6+ Kh8 31. Rd5 Rf5 32. Rxf5 Bxf5 33. Nf7#
1-0

[Event "Excelsior April op"]
[Site "Toronto CAN"]
[Date "2023.04.23"]
[Round "5.1"]
[White "Reprintsev, Alexander"]
[Black "Noritsyn, Nikolay"]
[Result "0-1"]
[WhiteElo "2361"]
[BlackElo "2584"]
[PlyCount "50"]
[EventDate "2023.04.21"]
[EventType "swiss"]
[EventRounds "5"]
[EventCountry "CAN"]

1. e4 c5 2. b3 Nc6 3. Bb2 e5 4. f4 d6 5. Qf3 a6 6. Nc3 Nd4 7. Qd3 Nf6 8. Nce2
d5 9. Nxd4 exd4 10. e5 Ne4 11. Qf3 h5 12. g3 Qa5 13. Qg2 h4 14. a3 hxg3 15. b4
Qa4 16. Bd3 Nf2 17. bxc5 Nxd3+ 18. cxd3 Qc2 19. Bxd4 Qxd3 20. Ne2 Bg4 21. Be3
Bxc5 22. Nc1 Qc2 23. Ne2 Bxe3 24. dxe3 Bxe2 25. Qxg3 Bd3 0-1

[Event "CAN-ch"]
[Site "Toronto CAN"]
[Date "2023.04.06"]
[Round "1.2"]
[White "Noritsyn, Nikolay"]
[Black "Mendes, Aaron Reeve"]
[Result "1-0"]
[WhiteElo "2546"]
[BlackElo "2231"]
[PlyCount "129"]
[EventDate "2023.04.06"]
[EventType "swiss"]
[EventRounds "9"]
[EventCountry "CAN"]

1. c4 e5 2. g3 Nf6 3. Bg2 Bc5 4. d3 O-O 5. Nf3 Nc6 6. Nc3 d5 7. cxd5 Nxd5 8.
O-O Nb6 9. a3 a5 10. Bd2 h6 11. Rc1 Be6 12. Ne4 Be7 13. Nc5 Bxc5 14. Rxc5 Qd6
15. Rb5 Bd5 16. Be3 Nd4 17. Bxd4 exd4 18. Qd2 Rfe8 19. Re1 a4 20. Qb4 Qd7 21.
Rc5 Rad8 22. Ra5 Bb3 23. Nd2 Ba2 24. Ne4 Qg4 25. Bf3 Qg6 26. Rc1 Kh8 27. Rac5
Bd5 28. Qb5 f5 29. Nd2 Bxf3 30. Nxf3 Rxe2 31. Rxc7 Qe6 32. Rxb7 Nd5 33. Rb8
Rxb8 34. Qxb8+ Kh7 35. Nxd4 Re1+ 36. Kg2 Ne3+ 37. fxe3 Qd5+ 38. e4 Rxe4 39.
dxe4 Qxe4+ 40. Nf3 Qe2+ 41. Kh3 Qxf3 42. Qf4 Qh5+ 43. Kg2 Qe2+ 44. Kg1 Qe6 45.
Rf1 Kg6 46. h3 h5 47. h4 Qb6+ 48. Rf2 Qb3 49. Qxf5+ Kh6 50. Qg5+ Kh7 51. Qxh5+
Kg8 52. Qf3 Qxf3 53. Rxf3 Kh8 54. Rf4 Kh7 55. Rxa4 Kh8 56. Rg4 Kh7 57. a4 Kh6
58. a5 Kh7 59. a6 Kh6 60. a7 Kh7 61. a8=Q g6 62. Qc6 Kh8 63. Qf6+ Kh7 64. Qxg6+
Kh8 65. Qg8# 1-0

[Event "CAN-ch"]
[Site "Toronto CAN"]
[Date "2023.04.07"]
[Round "2.2"]
[White "Huang, Youhe"]
[Black "Noritsyn, Nikolay"]
[Result "1/2-1/2"]
[WhiteElo "2284"]
[BlackElo "2546"]
[PlyCount "171"]
[EventDate "2023.04.06"]
[EventType "swiss"]
[EventRounds "9"]
[EventCountry "CAN"]

1. e4 c5 2. Na3 d6 3. c3 Nf6 4. g3 Nc6 5. Bg2 d5 6. exd5 Nxd5 7. Nf3 e6 8. O-O
Be7 9. Nc2 O-O 10. d4 Qb6 11. Ne5 cxd4 12. Nxc6 bxc6 13. Nxd4 Ba6 14. Re1 Bc5
15. Qg4 Rfe8 16. Bh6 Bf8 17. Bc1 Rad8 18. Nb3 c5 19. Qa4 Bb5 20. Qa5 Rc8 21.
Bd2 Qb8 22. Rac1 Bd3 23. c4 Nb6 24. Bf4 e5 25. Qc3 exf4 26. Qxd3 Qc7 27. Rxe8
Rxe8 28. Rd1 g6 29. Nd2 Bg7 30. b3 Rd8 31. Bd5 fxg3 32. hxg3 Bd4 33. Qf3 Kg7
34. Kg2 Nxd5 35. cxd5 Qe5 36. Nc4 Qxd5 37. Qxd5 Rxd5 38. Re1 Kf8 39. Re2 h5 40.
Na5 Rd6 41. Nc4 Ra6 42. Kh3 Rc6 43. f4 Ra6 44. g4 hxg4+ 45. Kxg4 Kg7 46. f5
gxf5+ 47. Kxf5 Rf6+ 48. Kg4 Kf8 49. Na5 Ra6 50. Nc4 Rg6+ 51. Kf5 Rf6+ 52. Kg5
Rf1 53. Nd6 Rg1+ 54. Kf5 Rf1+ 55. Kg5 f6+ 56. Kg6 Rg1+ 57. Kf5 Be5 58. Ne4 Kf7
59. Nxc5 Rg5+ 60. Ke4 Bd6 61. Nd3 Ke6 62. Nf4+ Kd7 63. Nd3 Rh5 64. Rf2 Rh4+ 65.
Kd5 Rh5+ 66. Ke4 Ke7 67. Kd4 Bc7 68. Ke4 Bb6 69. Rg2 Rh4+ 70. Kf5 Kf7 71. Nf4
Be3 72. Ng6 Rh5+ 73. Ke4 Bc1 74. Rc2 Bg5 75. Nf4 Rh4 76. Rf2 Bxf4 77. Rxf4 Rh2
78. a4 Rh3 79. Rf5 Rxb3 80. Ra5 Rb7 81. Kf5 Kg7 82. Ra6 Rc7 83. Ra5 Kf7 84. Ra6
Rc5+ 85. Kf4 Rc7 86. Ke4 1/2-1/2

[Event "CAN-ch"]
[Site "Toronto CAN"]
[Date "2023.04.07"]
[Round "3.2"]
[White "Noritsyn, Nikolay"]
[Black "Xu, Daniel"]
[Result "1-0"]
[WhiteElo "2546"]
[BlackElo "2282"]
[PlyCount "75"]
[EventDate "2023.04.06"]
[EventType "swiss"]
[EventRounds "9"]
[EventCountry "CAN"]

1. e4 c5 2. Nf3 d6 3. d4 cxd4 4. Nxd4 Nf6 5. Nc3 a6 6. Nb3 Nbd7 7. a4 b6 8. g4
Bb7 9. Bg2 h6 10. f4 e5 11. g5 hxg5 12. fxg5 Nh5 13. Qf3 g6 14. h4 Bg7 15. Be3
Rc8 16. Bh3 Nf4 17. O-O-O Qe7 18. Bxd7+ Qxd7 19. Bxb6 Rxc3 20. bxc3 Qxa4 21.
Rhe1 Qa3+ 22. Kb1 O-O 23. Ba5 Rc8 24. Bb4 Qa4 25. Rxd6 a5 26. Bxa5 Kh7 27. Rd8
Rc6 28. Kb2 Ra6 29. Rb8 Qb5 30. Qd1 Ra8 31. Rxa8 Bxa8 32. Qd8 Ng2 33. Qxa8 Nxe1
34. c4 Qa4 35. Qd5 Ng2 36. Qb5 Qxb5 37. cxb5 Ne3 38. Bc7 1-0

[Event "CAN-ch"]
[Site "Toronto CAN"]
[Date "2023.04.08"]
[Round "4.2"]
[White "Noritsyn, Nikolay"]
[Black "Rodrigue-Lemieux, Shawn"]
[Result "1-0"]
[WhiteElo "2546"]
[BlackElo "2539"]
[PlyCount "63"]
[EventDate "2023.04.06"]
[EventType "swiss"]
[EventRounds "9"]
[EventCountry "CAN"]

1. e4 e5 2. Nf3 Nc6 3. Bb5 a6 4. Ba4 d6 5. O-O Bd7 6. c3 Nf6 7. Re1 g6 8. d4
Qe7 9. d5 Nd8 10. Bg5 Bg7 11. c4 O-O 12. Nc3 h6 13. Bh4 Bxa4 14. Qxa4 g5 15.
Bg3 Nh5 16. Rad1 Bf6 17. Nd2 g4 18. Nf1 Bg5 19. Rd3 Ng7 20. Qd1 h5 21. f3 Qd7
22. fxg4 Qxg4 23. Rf3 Bh6 24. h3 Qg6 25. Bh4 f5 26. Rg3 Qh7 27. exf5 Bf4 28. f6
Bxg3 29. Nxg3 Ne8 30. Rf1 Nf7 31. Nce4 b5 32. Rf5 1-0

[Event "CAN-ch"]
[Site "Toronto CAN"]
[Date "2023.04.08"]
[Round "5.1"]
[White "Rusonik, Max"]
[Black "Noritsyn, Nikolay"]
[Result "0-1"]
[WhiteElo "2394"]
[BlackElo "2546"]
[PlyCount "94"]
[EventDate "2023.04.06"]
[EventType "swiss"]
[EventRounds "9"]
[EventCountry "CAN"]

1. e4 e6 2. d4 d5 3. e5 c5 4. c3 Nc6 5. Nf3 Bd7 6. Be2 Nge7 7. Na3 cxd4 8. cxd4
f6 9. O-O fxe5 10. dxe5 Ng6 11. Re1 Bb4 12. Bd2 Bxd2 13. Qxd2 O-O 14. Bd1 Qb6
15. h4 h6 16. Bc2 Be8 17. Re3 Qd8 18. Nb5 Qe7 19. Nbd4 Nxd4 20. Nxd4 Nxh4 21.
Rg3 Kh8 22. Re1 Rc8 23. Bb1 g5 24. Rh3 Rf4 25. Rxh4 Rxh4 26. g3 Rg4 27. f3 Rxd4
28. Qxd4 Qc5 29. Qxc5 Rxc5 30. Kf2 Kg7 31. Ke3 Bg6 32. Bxg6 Kxg6 33. Kd3 h5 34.
Rh1 a5 35. Rf1 h4 36. g4 b5 37. a3 a4 38. Re1 Rc4 39. Rf1 b4 40. axb4 Rxb4 41.
Rf2 Kf7 42. Ke3 Ke7 43. Kd3 Kd7 44. Ke3 Kc6 45. Kd3 Kc5 46. Kc2 Kd4 47. f4 Ke3
0-1

[Event "CAN-ch"]
[Site "Toronto CAN"]
[Date "2023.04.09"]
[Round "6.1"]
[White "Noritsyn, Nikolay"]
[Black "Sambuev, Bator"]
[Result "0-1"]
[WhiteElo "2546"]
[BlackElo "2514"]
[PlyCount "96"]
[EventDate "2023.04.06"]
[EventType "swiss"]
[EventRounds "9"]
[EventCountry "CAN"]

1. e4 e5 2. Nf3 Nc6 3. Bb5 a6 4. Ba4 d6 5. O-O Bd7 6. c3 Nf6 7. Re1 g6 8. d4
Bg7 9. h3 O-O 10. Bc2 Nh5 11. Be3 Kh8 12. Nbd2 Qe8 13. dxe5 dxe5 14. b4 f5 15.
a4 b6 16. Nb3 f4 17. Bc1 g5 18. b5 Ne7 19. Ba3 axb5 20. axb5 Rd8 21. Nbd2 g4
22. Nh2 g3 23. Ng4 f3 24. gxf3 Nf4 25. fxg3 Nxh3+ 26. Kg2 Bxg4 27. Re3 Be6 28.
Rd3 Rxd3 29. Bxd3 Rg8 30. Bc4 Bf6 31. Bxe6 Nf4+ 32. Kf2 Nxe6 33. Qb3 Qf7 34.
Rh1 Rd8 35. Nf1 Rd3 36. Qc2 Rd7 37. Ne3 Bg5 38. Bc1 Nc5 39. Kg2 Rd3 40. Re1 Qb3
41. Qe2 Bxe3 42. Bxe3 Rxc3 43. Kh3 Rc2 44. Qd1 Qd3 45. Qa1 Qd7+ 46. g4 Ng6 47.
Rd1 Qe7 48. g5 Ne6 0-1

[Event "CAN-ch"]
[Site "Toronto CAN"]
[Date "2023.04.10"]
[Round "8.14"]
[White "Zhou, Aiden"]
[Black "Noritsyn, Nikolay"]
[Result "0-1"]
[WhiteElo "2257"]
[BlackElo "2546"]
[PlyCount "168"]
[EventDate "2023.04.06"]
[EventType "swiss"]
[EventRounds "9"]
[EventCountry "CAN"]

1. d4 e6 2. c4 f5 3. g3 Nf6 4. Bg2 d5 5. Nf3 Be7 6. O-O Ne4 7. Nc3 c6 8. Qc2
Nd7 9. Rb1 a5 10. a3 O-O 11. b4 axb4 12. axb4 Nd6 13. c5 Nc4 14. Nd2 Nxd2 15.
Bxd2 e5 16. e3 Bf6 17. dxe5 Nxe5 18. Ne2 Nc4 19. Rb3 Bd7 20. Bc3 Qe7 21. Bxf6
Rxf6 22. Nf4 Be6 23. h4 Rff8 24. Qc3 Bf7 25. Rbb1 Ra3 26. Qd4 Ra4 27. Qc3 Rfa8
28. Ra1 Qe5 29. Qxe5 Nxe5 30. Rxa4 Rxa4 31. Rb1 g6 32. Bf1 Ra2 33. Nd3 Nxd3 34.
Bxd3 Kg7 35. Bf1 Kf6 36. Rd1 h6 37. Rd4 Be6 38. Bd3 Ra1+ 39. Kg2 Rc1 40. Be2
Bc8 41. Bf3 Ke5 42. Be2 Rc2 43. Kf1 Be6 44. Bd3 Rb2 45. Be2 Kf6 46. Bf3 Ke7 47.
Be2 Kd7 48. Bd3 Ke7 49. Kg2 Kf6 50. Bf1 Bf7 51. Bd3 Rb3 52. Bc2 Rc3 53. Bd1 g5
54. Bf3 Ke5 55. Be2 Kf6 56. Bf3 Bg6 57. hxg5+ hxg5 58. Be2 Rc2 59. Bd3 Rb2 60.
Kf1 Bh5 61. Kg2 Rb3 62. Bf1 Rb1 63. Bd3 Rc1 64. Bf1 Bd1 65. Bd3 g4 66. f4 Bf3+
67. Kf2 Ke6 68. Bf1 Rc2+ 69. Kg1 Rb2 70. Bd3 Rg2+ 71. Kf1 Rxg3 72. b5 Rh3 73.
Kf2 Rh2+ 74. Kg3 Rh3+ 75. Kf2 Be4 76. Bxe4 fxe4 77. b6 Rf3+ 78. Ke2 g3 79. Ra4
Rf2+ 80. Ke1 Rb2 81. Kf1 Kf5 82. Ra1 Kg4 83. Kg1 Rc2 84. Rf1 Kf5 0-1

[Event "CAN-ch"]
[Site "Toronto CAN"]
[Date "2023.04.11"]
[Round "9.13"]
[White "Noritsyn, Nikolay"]
[Black "Plotkin, Victor"]
[Result "1-0"]
[WhiteElo "2546"]
[BlackElo "2386"]
[PlyCount "105"]
[EventDate "2023.04.06"]
[EventType "swiss"]
[EventRounds "9"]
[EventCountry "CAN"]

1. e4 e5 2. Nf3 Nf6 3. d4 exd4 4. e5 Ne4 5. Qxd4 d5 6. exd6 Nxd6 7. Nc3 Nc6 8.
Qf4 g6 9. Bd2 Bg7 10. O-O-O O-O 11. Nb5 Be6 12. Bc3 Bxc3 13. Nxc3 Qe7 14. Re1
Ne8 15. Ng5 Qf6 16. Qxf6 Nxf6 17. Nxe6 fxe6 18. Rxe6 Ng4 19. Bc4 Nxf2 20. Rhe1
Kg7 21. Bd5 Ng4 22. Bxc6 bxc6 23. h3 Nf6 24. Rxc6 Rf7 25. Nb5 Nd5 26. Rc5 Nf4
27. Nxc7 Nxg2 28. Rg1 Nf4 29. Rg4 Raf8 30. Rxf4 Rxf4 31. Ne6+ Kh6 32. Nxf8 Rxf8
33. c4 Rf1+ 34. Kc2 Rf2+ 35. Kc3 Rf3+ 36. Kd4 Rxh3 37. Re5 Rh2 38. c5 Rxb2 39.
c6 Rb8 40. Kc5 g5 41. c7 Rg8 42. Rd5 Rc8 43. Kc6 g4 44. Rd8 Rxc7+ 45. Kxc7 Kg5
46. Rg8+ Kh4 47. a4 h5 48. a5 Kg3 49. a6 h4 50. Kb7 h3 51. Kxa7 h2 52. Rh8 Kg2
53. Kb6 1-0

[Event "Aurora Spring op"]
[Site "Newmarket CAN"]
[Date "2023.03.25"]
[Round "1"]
[White "Noritsyn, Nikolay"]
[Black "Huang, Youhe"]
[Result "0-1"]
[WhiteElo "2460"]
[BlackElo "2070"]
[PlyCount "96"]
[EventDate "2023.03.25"]
[EventType "swiss"]
[EventRounds "5"]
[EventCountry "CAN"]

1. e4 c5 2. Nc3 Nc6 3. g3 g6 4. Bg2 Bg7 5. d3 d6 6. Bg5 Rb8 7. Qd2 Nf6 8. Bh6
Bxh6 9. Qxh6 Nd4 10. Rc1 Qb6 11. Nd1 Qa5+ 12. c3 Ne6 13. Ne2 g5 14. f4 gxf4 15.
gxf4 Rg8 16. Bf3 Qa6 17. Nf2 Qxa2 18. f5 Nf8 19. Qd2 N8d7 20. Ng3 Ne5 21. Be2
b5 22. O-O Qa5 23. Kh1 Bb7 24. Qf4 Qb6 25. Rcd1 Rc8 26. Rg1 Qc6 27. d4 cxd4 28.
cxd4 Nc4 29. b3 Nb6 30. Bf3 Qc2 31. Bg2 Rc3 32. Rc1 Qxb3 33. Rb1 Qa4 34. Rgd1
b4 35. Ne2 Rc2 36. Bf3 Qb5 37. Qe3 a5 38. Rbc1 Rxc1 39. Rxc1 Kd7 40. Nf4 Rc8
41. Rb1 Qc4 42. e5 Nfd5 43. e6+ Kc7 44. Nxd5+ Nxd5 45. Qh6 Nc3 46. Bxb7 Kxb7
47. Re1 Qd5+ 48. Ne4 Nxe4 0-1

[Event "Aurora Spring op"]
[Site "Newmarket CAN"]
[Date "2023.03.25"]
[Round "2"]
[White "Zhao, Jeffrey R"]
[Black "Noritsyn, Nikolay"]
[Result "1-0"]
[WhiteElo "1860"]
[BlackElo "2460"]
[PlyCount "73"]
[EventDate "2023.03.25"]
[EventType "swiss"]
[EventRounds "5"]
[EventCountry "CAN"]

1. e4 c5 2. Nf3 e6 3. d4 cxd4 4. Nxd4 a6 5. Bd3 Bc5 6. Nb3 Ba7 7. O-O Nc6 8.
Qe2 d6 9. Be3 Nf6 10. c4 O-O 11. Nc3 e5 12. Bxa7 Rxa7 13. Rfd1 b6 14. Qe3 Nd7
15. Rac1 Nc5 16. Na1 g6 17. Nc2 f5 18. exf5 gxf5 19. f4 Rg7 20. Bf1 exf4 21.
Qxf4 Ne5 22. Nb4 Rg4 23. Qf2 Qg5 24. Nbd5 Ne4 25. Nxe4 fxe4 26. Qe3 Qh4 27. Kh1
Nf3 28. gxf3 Rxf3 29. Qxb6 Rg7 30. Bg2 Rf2 31. Rg1 Bg4 32. Rcf1 Rgf7 33. Rxf2
Rxf2 34. Qxd6 h5 35. Bxe4 Re2 36. Qg6+ Kf8 37. Rf1+ 1-0

[Event "Aurora Spring op"]
[Site "Newmarket CAN"]
[Date "2023.03.25"]
[Round "3"]
[White "Noritsyn, Nikolay"]
[Black "Moon, Ethan"]
[Result "1-0"]
[WhiteElo "2460"]
[BlackElo "1698"]
[PlyCount "87"]
[EventDate "2023.03.25"]
[EventType "swiss"]
[EventRounds "5"]
[EventCountry "CAN"]

1. e4 c5 2. Nf3 e6 3. d4 cxd4 4. Nxd4 Nc6 5. Nc3 Qc7 6. Be3 a6 7. a3 Nf6 8. f4
d5 9. e5 Nd7 10. Qd2 Nb6 11. Qf2 Nxd4 12. Bxd4 Nd7 13. Bd3 Bc5 14. Ne2 Bxd4 15.
Nxd4 Nc5 16. O-O Bd7 17. Rae1 Nxd3 18. cxd3 O-O 19. h4 f5 20. exf6 Rxf6 21. Qe3
Raf8 22. g3 h6 23. Qe5 Qb6 24. Rf2 Qd8 25. Kg2 Qe8 26. Re3 Qf7 27. Ref3 Ba4 28.
Rf1 Rc8 29. g4 Qg6 30. Kg3 Rcf8 31. Rc1 Bc6 32. Rcf1 Kh8 33. Re1 Bd7 34. h5 Qf7
35. Ree3 Qe8 36. Qc7 Qc8 37. Qxc8 Bxc8 38. g5 hxg5 39. fxg5 Rxf3+ 40. Nxf3 Rf5
41. Re5 Rf7 42. Re2 Rc7 43. Ne5 Kg8 44. Rf2 1-0

[Event "Excelsior March op"]
[Site "Toronto CAN"]
[Date "2023.03.11"]
[Round "2.3"]
[White "Noritsyn, Nikolay"]
[Black "Wiebe, Isaac"]
[Result "1-0"]
[WhiteElo "2460"]
[BlackElo "1994"]
[PlyCount "81"]
[EventDate "2023.03.19"]
[EventType "swiss"]
[EventRounds "5"]
[EventCountry "CAN"]

1. c4 e5 2. d3 Nf6 3. Nf3 Nc6 4. a3 d5 5. cxd5 Nxd5 6. e3 Bd6 7. Nbd2 O-O 8. b4
Re8 9. Bb2 Bg4 10. h3 Bh5 11. Qb3 Nb6 12. g4 Bg6 13. h4 h5 14. Rg1 hxg4 15.
Rxg4 Bf5 16. Rg1 Qe7 17. h5 Rad8 18. Ng5 a5 19. b5 Nb8 20. Ndf3 N8d7 21. Nh4
Be6 22. Qc2 Nf8 23. Be2 a4 24. Nxe6 Qxe6 25. d4 exd4 26. Nf3 Qb3 27. Qxb3 axb3
28. Bxd4 Ne6 29. Bxg7 Nxg7 30. h6 Bf8 31. Rb1 Kh8 32. hxg7+ Bxg7 33. Rxb3 Kg8
34. Ng5 Nc8 35. a4 Nd6 36. a5 Ne4 37. a6 bxa6 38. bxa6 Bc3+ 39. Rxc3 Nxc3 40.
Ne4+ Kf8 41. Nxc3 1-0

[Event "Excelsior March op"]
[Site "Toronto CAN"]
[Date "2023.03.11"]
[Round "3.3"]
[White "Rusonik, Max"]
[Black "Noritsyn, Nikolay"]
[Result "0-1"]
[WhiteElo "2173"]
[BlackElo "2460"]
[PlyCount "108"]
[EventDate "2023.03.19"]
[EventType "swiss"]
[EventRounds "5"]
[EventCountry "CAN"]

1. e4 c5 2. Nf3 e6 3. d4 cxd4 4. Nxd4 a6 5. Bd3 Bc5 6. Nb3 Ba7 7. Nc3 Nc6 8.
Qe2 Nge7 9. Be3 O-O 10. Bxa7 Rxa7 11. Qe3 b5 12. O-O-O Rc7 13. f4 d5 14. e5 Bd7
15. Qh3 Ng6 16. Nd4 Nxd4 17. Bxg6 fxg6 18. Rxd4 a5 19. Ne2 b4 20. Rhd1 g5 21.
Qg4 Qc8 22. R1d2 Ba4 23. b3 Be8 24. Qxg5 Bg6 25. Kd1 Rxc2 26. Ke1 Rc3 27. Qe7
Rf7 28. Qg5 Rf5 29. Qe7 Rc7 30. Qh4 Rh5 31. Qg3 Rh6 32. h4 Rh5 33. Qh3 Rf5 34.
g4 Rf8 35. h5 Be4 36. Qh4 h6 37. Qg3 Kh8 38. Qh4 Rc3 39. Qe7 Re3 40. Rxe4 Rxe4
41. Kd1 Qe8 42. Qxe8 Rxe8 43. Rc2 Re3 44. Kd2 Rf3 45. Rc6 a4 46. bxa4 Ra3 47.
Rb6 Rxa2+ 48. Ke3 Ra3+ 49. Kd4 Rxa4 50. Kc5 b3 51. Rxb3 Rd8 52. Rb4 Rc8+ 53.
Kb5 Rxb4+ 54. Kxb4 Rc4+ 0-1

[Event "Excelsior March op"]
[Site "Toronto CAN"]
[Date "2023.03.12"]
[Round "4.2"]
[White "Noritsyn, Nikolay"]
[Black "Sambuev, Bator"]
[Result "1-0"]
[WhiteElo "2460"]
[BlackElo "2434"]
[PlyCount "83"]
[EventDate "2023.03.19"]
[EventType "swiss"]
[EventRounds "5"]
[EventCountry "CAN"]

1. e4 e5 2. Nf3 Nc6 3. Bb5 a6 4. Ba4 d6 5. O-O Bd7 6. c3 g6 7. d4 Bg7 8. Re1 b5
9. Bb3 Nf6 10. h3 O-O 11. Nbd2 Re8 12. Bc2 Bc8 13. Nf1 Bb7 14. Ng3 Na5 15. Rb1
Nc4 16. b3 Nb6 17. a4 exd4 18. cxd4 c5 19. Bf4 cxd4 20. axb5 axb5 21. Nxd4 Nfd5
22. exd5 Rxe1+ 23. Qxe1 Bxd4 24. Qd2 Bg7 25. Be4 Qf6 26. Be3 Nd7 27. Qb4 Ba6
28. Bf3 Ne5 29. Be2 Qd8 30. Ne4 Bb7 31. Rd1 Qa5 32. Qxa5 Rxa5 33. Nxd6 Ba6 34.
Ne8 Ra2 35. Bf1 Nd7 36. Nc7 Bb7 37. Bxb5 Be5 38. Bxd7 Bxc7 39. d6 Bd8 40. Bb5
Rb2 41. Bd4 Rxb3 42. Re1 1-0